1958 College Football AP Poll - Statistics

General Stats
  • This quiz has been taken 12 times
  • The average score is 196 of 240
Answer Stats
Week Rank Team W L T Conference % Correct
Week 2 (9/29) 16 Michigan 1 0 Big Ten
100%
Week 3 (10/6) 14 Michigan 1 0 1 Big Ten
100%
Week 4 (10/13) 19 Michigan 1 1 1 Big Ten
100%
Preseason 3 Notre Dame 0 0 Independent
100%
Week 1 (9/22) 5 Notre Dame 0 0 Independent
100%
Week 2 (9/29) 7 Notre Dame 1 0 Independent
100%
Week 3 (10/6) 4 Notre Dame 2 0 Independent
100%
Week 4 (10/13) 12 Notre Dame 2 1 Independent
100%
Week 5 (10/20) 11 Notre Dame 3 1 Independent
100%
Week 7 (11/3) 14 Notre Dame 4 2 Independent
100%
Week 9 (11/17) 15 Notre Dame 5 3 Independent
100%
Week 10 (11/24) 18 Notre Dame 5 4 Independent
100%
Week 11 (12/1) 17 Notre Dame 6 4 Independent
100%
Preseason 1 Ohio State 0 0 Big Ten
100%
Week 1 (9/22) 1 Ohio State 0 0 Big Ten
100%
Week 2 (9/29) 3 Ohio State 1 0 Big Ten
100%
Week 3 (10/6) 5 Ohio State 2 0 Big Ten
100%
Week 4 (10/13) 3 Ohio State 3 0 Big Ten
100%
Week 5 (10/20) 2 Ohio State 4 0 Big Ten
100%
Week 6 (10/27) 5 Ohio State 4 0 1 Big Ten
100%
Week 7 (11/3) 16 Ohio State 4 1 1 Big Ten
100%
Week 8 (11/10) 16 Ohio State 4 1 2 Big Ten
100%
Week 9 (11/17) 11 Ohio State 5 1 2 Big Ten
100%
Week 10 (11/24) 9 Ohio State 6 1 2 Big Ten
100%
Week 11 (12/1) 8 Ohio State 6 1 2 Big Ten
100%
Preseason 2 Oklahoma 0 0 Big Seven
100%
Week 1 (9/22) 2 Oklahoma 0 0 Big Seven
100%
Week 2 (9/29) 1 Oklahoma 1 0 Big Seven
100%
Week 3 (10/6) 2 Oklahoma 2 0 Big Seven
100%
Week 4 (10/13) 11 Oklahoma 3 1 Big Seven
100%
Week 5 (10/20) 9 Oklahoma 4 1 Big Seven
100%
Week 6 (10/27) 7 Oklahoma 5 1 Big Seven
100%
Week 7 (11/3) 6 Oklahoma 5 1 Big Seven
100%
Week 8 (11/10) 6 Oklahoma 6 1 Big Seven
100%
Week 9 (11/17) 4 Oklahoma 7 1 Big Seven
100%
Week 10 (11/24) 3 Oklahoma 8 1 Big Seven
100%
Week 11 (12/1) 5 Oklahoma 9 1 Big Seven
100%
Preseason 11 Texas 0 0 Southwest
100%
Week 2 (9/29) 17 Texas 2 0 Southwest
100%
Week 3 (10/6) 16 Texas 3 0 Southwest
100%
Week 4 (10/13) 7 Texas 4 0 Southwest
100%
Week 5 (10/20) 4 Texas 5 0 Southwest
100%
Week 6 (10/27) 16 Texas 5 1 Southwest
100%
Preseason 5 Auburn 0 0 SEC
90%
Week 1 (9/22) 3 Auburn 0 0 SEC
90%
Week 2 (9/29) 2 Auburn 1 0 SEC
90%
Week 3 (10/6) 1 Auburn 2 0 SEC
90%
Week 4 (10/13) 2 Auburn 3 0 SEC
90%
Week 5 (10/20) 5 Auburn 3 0 1 SEC
90%
Week 6 (10/27) 4 Auburn 4 0 1 SEC
90%
Week 7 (11/3) 5 Auburn 5 0 1 SEC
90%
Week 8 (11/10) 4 Auburn 6 0 1 SEC
90%
Week 9 (11/17) 2 Auburn 7 0 1 SEC
90%
Week 10 (11/24) 2 Auburn 8 0 1 SEC
90%
Week 11 (12/1) 4 Auburn 9 0 1 SEC
90%
Week 9 (11/17) 19 California 6 3 Pacific Coast
90%
Week 10 (11/24) 17 California 7 3 Pacific Coast
90%
Week 11 (12/1) 16 California 7 3 Pacific Coast
90%
Preseason 18 Clemson 0 0 ACC
90%
Week 2 (9/29) 10 Clemson 2 0 ACC
90%
Week 3 (10/6) 8 Clemson 3 0 ACC
90%
Week 4 (10/13) 10 Clemson 4 0 ACC
90%
Week 5 (10/20) 10 Clemson 4 0 ACC
90%
Week 6 (10/27) 19 Clemson 4 1 ACC
90%
Week 7 (11/3) 17 Clemson 5 1 ACC
90%
Week 9 (11/17) 16 Clemson 6 2 ACC
90%
Week 10 (11/24) 12 Clemson 7 2 ACC
90%
Week 11 (12/1) 12 Clemson 8 2 ACC
90%
Preseason 13 Iowa 0 0 Big Ten
90%
Week 2 (9/29) 8 Iowa 1 0 Big Ten
90%
Week 3 (10/6) 17 Iowa 1 0 1 Big Ten
90%
Week 4 (10/13) 13 Iowa 2 0 1 Big Ten
90%
Week 5 (10/20) 7 Iowa 3 0 1 Big Ten
90%
Week 6 (10/27) 2 Iowa 4 0 1 Big Ten
90%
Week 7 (11/3) 2 Iowa 5 0 1 Big Ten
90%
Week 8 (11/10) 2 Iowa 6 0 1 Big Ten
90%
Week 9 (11/17) 6 Iowa 6 1 1 Big Ten
90%
Week 10 (11/24) 4 Iowa 7 1 1 Big Ten
90%
Week 11 (12/1) 2 Iowa 7 1 1 Big Ten
90%
Week 1 (9/22) 17 Kentucky 1 0 SEC
90%
Preseason 4 Michigan State 0 0 Big Ten
90%
Week 1 (9/22) 4 Michigan State 0 0 Big Ten
90%
Week 2 (9/29) 4 Michigan State 1 0 Big Ten
90%
Week 3 (10/6) 9 Michigan State 1 0 1 Big Ten
90%
Week 4 (10/13) 5 Michigan State 2 0 1 Big Ten
90%
Week 5 (10/20) 20 Michigan State 2 1 1 Big Ten
90%
Preseason 10 North Carolina 0 0 ACC
90%
Week 6 (10/27) 17 North Carolina 5 2 ACC
90%
Week 7 (11/3) 15 North Carolina 5 2 ACC
90%
Week 8 (11/10) 11 North Carolina 6 2 ACC
90%
Week 9 (11/17) 17 North Carolina 6 3 ACC
90%
Week 3 (10/6) 15 Oregon 1 1 Pacific Coast
90%
Week 4 (10/13) 14 Oregon 2 1 Pacific Coast
90%
Preseason 12 Oregon State 0 0 Pacific Coast
90%
Preseason 19 Pittsburgh 0 0 Independent
90%
Week 1 (9/22) 7 Pittsburgh 1 0 Independent
90%
Week 2 (9/29) 12 Pittsburgh 2 0 Independent
90%
Week 3 (10/6) 10 Pittsburgh 3 0 Independent
90%
Week 6 (10/27) 12 Pittsburgh 4 1 1 Independent
90%
Week 8 (11/10) 14 Pittsburgh 5 2 1 Independent
90%
Week 10 (11/24) 19 Pittsburgh 5 3 1 Independent
90%
Week 7 (11/3) 12 Syracuse 5 1 Independent
90%
Week 8 (11/10) 12 Syracuse 6 1 Independent
90%
Week 9 (11/17) 10 Syracuse 7 1 Independent
90%
Week 10 (11/24) 10 Syracuse 8 1 Independent
90%
Week 11 (12/1) 9 Syracuse 8 1 Independent
90%
Preseason 20 Texas A&M 0 0 Southwest
90%
Preseason 14 Wisconsin 0 0 Big Ten
90%
Week 1 (9/22) 14 Wisconsin 0 0 Big Ten
90%
Week 2 (9/29) 9 Wisconsin 1 0 Big Ten
90%
Week 3 (10/6) 6 Wisconsin 2 0 Big Ten
90%
Week 4 (10/13) 4 Wisconsin 3 0 Big Ten
90%
Week 5 (10/20) 13 Wisconsin 3 1 Big Ten
90%
Week 6 (10/27) 8 Wisconsin 3 1 1 Big Ten
90%
Week 7 (11/3) 7 Wisconsin 4 1 1 Big Ten
90%
Week 8 (11/10) 5 Wisconsin 5 1 1 Big Ten
90%
Week 9 (11/17) 5 Wisconsin 6 1 1 Big Ten
90%
Week 10 (11/24) 6 Wisconsin 7 1 1 Big Ten
90%
Week 11 (12/1) 7 Wisconsin 7 1 1 Big Ten
90%
Week 1 (9/22) 18 Florida 1 0 SEC
80%
Week 4 (10/13) 18 Florida 2 1 SEC
80%
Week 7 (11/3) 19 Florida 2 3 1 SEC
80%
Week 8 (11/10) 18 Florida 3 3 1 SEC
80%
Week 9 (11/17) 12 Florida 4 3 1 SEC
80%
Week 10 (11/24) 14 Florida 5 3 1 SEC
80%
Week 11 (12/1) 14 Florida 6 3 1 SEC
80%
Week 5 (10/20) 17 Georgia Tech 3 1 1 SEC
80%
Week 8 (11/10) 20 Georgia Tech 5 2 1 SEC
80%
Week 4 (10/13) 17 Northwestern 3 0 Big Ten
80%
Week 5 (10/20) 8 Northwestern 4 0 Big Ten
80%
Week 6 (10/27) 11 Northwestern 4 1 Big Ten
80%
Week 7 (11/3) 4 Northwestern 5 1 Big Ten
80%
Week 8 (11/10) 13 Northwestern 5 2 Big Ten
80%
Week 9 (11/17) 20 Northwestern 5 3 Big Ten
80%
Preseason 6 Ole Miss 0 0 SEC
80%
Week 1 (9/22) 9 Ole Miss 1 0 SEC
80%
Week 2 (9/29) 6 Ole Miss 2 0 SEC
80%
Week 3 (10/6) 7 Ole Miss 3 0 SEC
80%
Week 4 (10/13) 8 Ole Miss 4 0 SEC
80%
Week 5 (10/20) 6 Ole Miss 5 0 SEC
80%
Week 6 (10/27) 6 Ole Miss 6 0 SEC
80%
Week 7 (11/3) 9 Ole Miss 6 1 SEC
80%
Week 8 (11/10) 7 Ole Miss 7 1 SEC
80%
Week 9 (11/17) 13 Ole Miss 7 2 SEC
80%
Week 10 (11/24) 13 Ole Miss 7 2 SEC
80%
Week 11 (12/1) 11 Ole Miss 8 2 SEC
80%
Week 1 (9/22) 18 South Carolina 1 0 ACC
80%
Week 10 (11/24) 16 South Carolina 5 3 ACC
80%
Week 11 (12/1) 15 South Carolina 6 3 ACC
80%
Preseason 8 TCU 0 0 Southwest
80%
Week 1 (9/22) 6 TCU 1 0 Southwest
80%
Week 4 (10/13) 20 TCU 3 1 Southwest
80%
Week 5 (10/20) 16 TCU 4 1 Southwest
80%
Week 6 (10/27) 18 TCU 4 1 Southwest
80%
Week 7 (11/3) 11 TCU 5 1 Southwest
80%
Week 8 (11/10) 9 TCU 6 1 Southwest
80%
Week 9 (11/17) 7 TCU 7 1 Southwest
80%
Week 10 (11/24) 7 TCU 8 1 Southwest
80%
Week 11 (12/1) 10 TCU 8 2 Southwest
80%
Week 1 (9/22) 10 Washington State 1 0 Pacific Coast
80%
Week 1 (9/22) 13 West Virginia 1 0 SoCon
80%
Preseason 9 Army 0 0 Independent
70%
Week 1 (9/22) 8 Army 0 0 Independent
70%
Week 2 (9/29) 5 Army 1 0 Independent
70%
Week 3 (10/6) 3 Army 2 0 Independent
70%
Week 4 (10/13) 1 Army 3 0 Independent
70%
Week 5 (10/20) 1 Army 4 0 Independent
70%
Week 6 (10/27) 3 Army 4 0 1 Independent
70%
Week 7 (11/3) 3 Army 5 0 1 Independent
70%
Week 8 (11/10) 3 Army 6 0 1 Independent
70%
Week 9 (11/17) 3 Army 7 0 1 Independent
70%
Week 10 (11/24) 5 Army 7 0 1 Independent
70%
Week 11 (12/1) 3 Army 8 0 1 Independent
70%
Week 3 (10/6) 19 Colorado 2 0 Big Seven
70%
Week 5 (10/20) 12 Colorado 4 0 Big Seven
70%
Week 6 (10/27) 9 Colorado 5 0 Big Seven
70%
Week 1 (9/22) 15 LSU 1 0 SEC
70%
Week 2 (9/29) 13 LSU 2 0 SEC
70%
Week 3 (10/6) 11 LSU 3 0 SEC
70%
Week 4 (10/13) 9 LSU 4 0 SEC
70%
Week 5 (10/20) 3 LSU 5 0 SEC
70%
Week 6 (10/27) 1 LSU 6 0 SEC
70%
Week 7 (11/3) 1 LSU 7 0 SEC
70%
Week 8 (11/10) 1 LSU 8 0 SEC
70%
Week 9 (11/17) 1 LSU 9 0 SEC
70%
Week 10 (11/24) 1 LSU 10 0 SEC
70%
Week 11 (12/1) 1 LSU 10 0 SEC
70%
Preseason 16 Miami 0 0 Independent
70%
Week 1 (9/22) 15 Miami 0 0 Independent
70%
Preseason 15 Mississippi State 0 0 SEC
70%
Week 1 (9/22) 11 Mississippi State 0 0 SEC
70%
Week 2 (9/29) 11 Mississippi State 1 0 SEC
70%
Week 5 (10/20) 19 Mississippi State 3 1 SEC
70%
Week 9 (11/17) 18 Mississippi State 3 5 SEC
70%
Preseason 7 Navy 0 0 Independent
70%
Week 1 (9/22) 12 Navy 0 0 Independent
70%
Week 2 (9/29) 15 Navy 1 0 Independent
70%
Week 3 (10/6) 12 Navy 2 0 Independent
70%
Week 4 (10/13) 6 Navy 3 0 Independent
70%
Week 5 (10/20) 18 Navy 3 1 Independent
70%
Week 6 (10/27) 15 Navy 4 1 Independent
70%
Week 11 (12/1) 19 Oklahoma State 7 3 Independent
70%
Week 2 (9/29) 14 Purdue 1 0 Big Ten
70%
Week 3 (10/6) 13 Purdue 2 0 Big Ten
70%
Week 5 (10/20) 15 Purdue 3 1 Big Ten
70%
Week 6 (10/27) 10 Purdue 4 1 Big Ten
70%
Week 7 (11/3) 8 Purdue 5 1 Big Ten
70%
Week 8 (11/10) 8 Purdue 5 1 1 Big Ten
70%
Week 9 (11/17) 8 Purdue 6 1 1 Big Ten
70%
Week 10 (11/24) 11 Purdue 6 1 2 Big Ten
70%
Week 11 (12/1) 13 Purdue 6 1 2 Big Ten
70%
Week 6 (10/27) 14 Rice 4 2 Southwest
60%
Week 7 (11/3) 13 Rice 4 2 Southwest
60%
Week 8 (11/10) 17 Rice 4 3 Southwest
60%
Week 6 (10/27) 20 Rutgers 5 0 Middle Atlantic
60%
Week 7 (11/3) 18 Rutgers 6 0 Middle Atlantic
60%
Week 8 (11/10) 19 Rutgers 7 0 Middle Atlantic
60%
Week 10 (11/24) 20 Rutgers 8 0 Middle Atlantic
60%
Week 11 (12/1) 20 Rutgers 8 1 Middle Atlantic
60%
Preseason 17 SMU 0 0 Southwest
60%
Week 1 (9/22) 20 SMU 0 0 Southwest
60%
Week 2 (9/29) 17 SMU 0 1 Southwest
60%
Week 3 (10/6) 18 SMU 0 2 Southwest
60%
Week 4 (10/13) 16 SMU 1 2 Southwest
60%
Week 7 (11/3) 20 SMU 3 3 Southwest
60%
Week 8 (11/10) 15 SMU 4 3 Southwest
60%
Week 11 (12/1) 18 SMU 6 4 Southwest
60%
Week 2 (9/29) 20 Vanderbilt 2 0 SEC
60%
Week 9 (11/17) 14 Vanderbilt 5 1 3 SEC
60%
Week 10 (11/24) 15 Vanderbilt 5 1 3 SEC
60%
Week 2 (9/29) 19 Houston 1 0 Missouri Valley
50%
Week 3 (10/6) 19 Houston 2 0 Missouri Valley
50%
Week 4 (10/13) 15 Houston 3 0 Missouri Valley
50%
Week 5 (10/20) 14 Air Force 3 0 1 Independent
40%
Week 6 (10/27) 13 Air Force 4 0 1 Independent
40%
Week 7 (11/3) 10 Air Force 5 0 1 Independent
40%
Week 8 (11/10) 10 Air Force 6 0 1 Independent
40%
Week 9 (11/17) 9 Air Force 7 0 1 Independent
40%
Week 10 (11/24) 8 Air Force 8 0 1 Independent
40%
Week 11 (12/1) 6 Air Force 9 0 1 Independent
40%
No matching quizzes found
Score Distribution
Percent of People with Each Score
Percentile by Number Answered
Your Score History
You have not taken this quiz